| 000 | 00534nam a2200181 i 4500 | ||
|---|---|---|---|
| 001 | 147146 | ||
| 003 | ES-MaACL | ||
| 005 | 20240510063128.0 | ||
| 007 | t| | ||
| 008 | 070921s1966 sp ||||1| spa d | ||
| 080 | _a86-14"19" | ||
| 100 | 1 |
_aTundidor, Jesús Hilario, _d1935- _9111674 |
|
| 245 | 1 | 4 |
_aLas hoces y los días _b: (1961-1962) / _cJesús Hilario Tundidor. |
| 260 |
_aMadrid : _bEditora Nacional, _c1966. |
||
| 300 |
_a108 p. ; _c21 cm. |
||
| 852 |
_aES-MaACL _jF-16367 _bR.58389 |
||
| 999 |
_c147146 _d147146 |
||